[Event "2020 Norman Friedman BLITZ"]
[Site "Chess.com"]
[Date "2020.10.09"]
[Round "3"]
[White "iwillbeatyou2day"]
[Black "bigdonkeyhead"]
[Result "1-0"]
[WhiteElo "935"]
[BlackElo "1142"]

1. e4 } 1... c6 } 2. c4 } 2... d6 } 3. f4 } 3... a6 } 4. Nf3 } 4... Bg4 } 5.
Be2 } 5... Nf6 } 6. Nc3 } 6... Nbd7 } 7. d4 } 7... Nb6 } 8. h3 } 8... Bh5 } 9.
g4 } 9... Bg6 } 10. f5 } 10... h5 } 11. fxg6 } 11... hxg4 } 12. Ng1 } 12... g3
} 13. Bf3 } 13... Nxc4 } 14. Qc2 } 14... Qc7 } 15. b3 } 15... Nb6 } 16. Qg2 }
16... d5 } 17. e5 } 17... Nh5 } 18. gxf7+ } 18... Kd8 } 19. Bxh5 } 19... Rxh5
} 20. Qxg3 } 20... e6 } 21. Bg5+ } 21... Kc8 } 22. O-O-O } 22... Qxf7 } 23.
Nf3 } 23... Kb8 } 24. Bh4 } 24... Ka7 } 25. Ng5 } 25... Re8 } 26. Nxf7 } 26...
Ka8 } 27. Qg4 } 27... Rh6 } 28. Bg5 } 28... Rg6 } 29. Qh5 } 29... Ba3+ } 30.
Kc2 } 30... Rh6 } 31. Bxh6 } 31... gxh6 } 32. Qxh6 } 32... Rf8 } 33. Qxe6 }
33... Bb4 } 34. Rh2 } 34... Rb8 } 35. Rg1 } 35... Nc8 } 36. Rhg2 } 36... Ne7 }
37. Nh6 } 37... Ba3 } 38. Ng8 } 38... Nxg8 } 39. Rxg8 } 39... Rxg8 } 40. Rxg8+
} 40... Ka7 } 41. Rg7 } 41... Kb6 } 42. Na4+ } 42... Ka5 } 43. Qd7 } 43... Be7
} 44. b4+ } 44... Kb5 } 45. Qxb7+ } 45... Kxa4 } 46. Rxe7 } 46... c5 } 47.
Qxa6+ } 47... Kxb4 } 48. Rb7# } 1-0

[Event "2020 Norman Friedman BLITZ"]
[Site "Chess.com"]
[Date "2020.10.09"]
[Round "3"]
[White "little_pikachu_soya"]
[Black "WaSabi5829"]
[Result "1-0"]
[WhiteElo "1431"]
[BlackElo "1692"]

1. d4 } 1... Nf6 } 2. c4 } 2... g6 } 3. Nc3 } 3... Bg7 } 4. e4 } 4... d6 } 5.
Bg5 } 5... O-O } 6. Bd3 } 6... h6 } 7. Bh4 } 7... g5 } 8. Bg3 } 8... Re8 } 9.
Nge2 } 9... c6 } 10. O-O } 10... c5 } 11. d5 } 11... e6 } 12. f4 } 12... exd5
} 13. exd5 } 13... g4 } 14. f5 } 14... h5 } 15. Nf4 } 15... Qc7 } 16. Qd2 }
16... Nbd7 } 17. Nfe2 } 17... Ne5 } 18. Nf4 } 18... Nxd3 } 19. Qxd3 } 19...
Qd7 } 20. b3 } 20... Qxf5 } 21. Qxf5 } 21... Bxf5 } 22. Nfe2 } 22... Bg6 } 23.
Rac1 } 23... Ne4 } 24. Nxe4 } 24... Bxe4 } 25. Nf4 } 25... Bg6 } 26. Nxg6 }
26... fxg6 } 27. Bxd6 } 27... Bd4+ } 28. Kh1 } 28... Re2 } 29. a4 } 29... Rb2
} 30. Rb1 } 30... Rxb1 } 31. Rxb1 } 31... Re8 } 32. g3 } 32... Re3 } 33. Bf4 }
33... Re7 } 34. Bd6 } 34... Rd7 } 35. Bf4 } 35... Kg7 } 36. Re1 } 36... Bf6 }
37. Kg2 } 37... Re7 } 38. Rxe7+ } 38... Bxe7 } 39. Kf2 } 39... Kf7 } 40. Ke3 }
40... Ke8 } 41. Ke4 } 41... g5 } 42. Be5 } 42... Kd7 } 43. Kf5 } 43... Ke8 }
44. Bf6 } 44... Bd6 } 45. Bxg5 } 45... h4 } 46. Bf4 } 46... Bxf4 } 47. Kxf4 }
47... hxg3 } 48. hxg3 } 48... Kf7 } 49. Kxg4 } 49... Kf6 } 50. Kf4 } 50... b6
} 51. g4 } 51... a5 } 52. g5+ } 52... Kg6 } 53. d6 } 53... Kf7 } 54. g6+ }
54... Kxg6 } 55. d7 } 55... Kf7 } 56. d8=Q } 56... Kg7 } 57. Qe8 } 57... Kh7 }
58. Qf8 } 58... b5 } 59. Kg5 } 59... bxc4 } 60. Kf6 } {#r} 1-0

[Event "2020 Norman Friedman BLITZ"]
[Site "Chess.com"]
[Date "2020.10.09"]
[Round "4"]
[White "little_pikachu_soya"]
[Black "iballisticsquid123"]
[Result "0-1"]
[WhiteElo "1431"]
[BlackElo "2136"]

1. d4 } 1... Nf6 } 2. c4 } 2... e6 } 3. Nc3 } 3... d5 } 4. e4 } 4... dxe4 } 5.
Bg5 } 5... Be7 } 6. Bxf6 } 6... Bxf6 } 7. Nxe4 } 7... Qxd4 } 8. Nxf6+ } 8...
Qxf6 } 9. Qc2 } 9... Nc6 } 10. Be2 } 10... O-O } 11. Nf3 } 11... e5 } 12. O-O
} 12... Bf5 } 13. Bd3 } 13... Nb4 } 14. Qc3 } 14... Nxd3 } 15. Rfd1 } 15... e4
} 16. Nd4 } 16... Bg6 } 17. h3 } 17... c5 } 18. Nb3 } 18... Qxf2+ } 19. Kh1 }
19... Nf4 } 20. Rd2 } 20... Qh4 } 21. Nxc5 } 21... Rad8 } 22. Rxd8 } 22...
Rxd8 } 23. Nxb7 } 23... Qf2 } 24. Rg1 } 24... Rd1 } 25. Qe1 } 25... Rxe1 } 26.
Kh2 } 26... Re3 } 27. Kh1 } 27... Bh5 } 28. Nd6 } 28... Qg3 } 29. Nf5 } 29...
Qxh3+ } 30. gxh3 } 30... Rxh3# } 0-1

[Event "2020 Norman Friedman BLITZ"]
[Site "Chess.com"]
[Date "2020.10.09"]
[Round "4"]
[White "chesspilot01"]
[Black "B1ad3z"]
[Result "1-0"]
[WhiteElo "2282"]
[BlackElo "1273"]

1. e4 } 1... e5 } 2. Nf3 } 2... Nc6 } 3. Bb5 } 3... a6 } 4. Bxc6 } 4... dxc6 }
5. Nc3 } 5... f6 } 6. d4 } 6... exd4 } 7. Qxd4 } 7... Qxd4 } 8. Nxd4 } 8...
Bc5 } 9. Be3 } 9... Bd7 } 10. O-O-O } 10... O-O-O } 11. Nf5 } 11... Bxe3+ }
12. Nxe3 } 12... Ne7 } 13. f4 } 13... Be6 } 14. Rxd8+ } 14... Rxd8 } 15. Rd1 }
15... Rxd1+ } 16. Kxd1 } 16... Kd7 } 17. Kd2 } 17... g6 } 18. g4 } 18... b5 }
19. a3 } 19... Kd6 } 20. Ne2 } 20... Nc8 } 21. Ng3 } 21... Ne7 } 22. h4 }
22... Kd7 } 23. g5 } 23... f5 } 24. exf5 } 24... Nxf5 } 25. Nexf5 } 25... Bxf5
} 26. Nxf5 } 26... gxf5 } 27. h5 } 27... Ke7 } 28. b4 } 28... Kf7 } 29. Kc3 }
29... Ke6 } 30. Kd4 } 30... Kf7 } 31. Ke5 } 31... Ke7 } 32. Kxf5 } 32... Kf7 }
33. Ke5 } 33... Ke7 } 34. f5 } 34... Kf7 } 35. f6 } 35... Kf8 } 36. g6 } 36...
hxg6 } 37. hxg6 } 37... Kg8 } 38. Ke6 } 38... Kf8 } 39. g7+ } 39... Kg8 } 40.
Ke7 } 40... c5 } 41. bxc5 } 41... b4 } 42. f7+ } 42... Kxg7 } 43. f8=Q+ }
43... Kg6 } 44. axb4 } 44... a5 } 45. Qf4 } 45... c6 } 46. Qg4+ } 46... Kh6 }
47. Kf6 } 47... axb4 } 48. Qg6# } 1-0

[Event "2020 Norman Friedman BLITZ"]
[Site "Chess.com"]
[Date "2020.10.09"]
[Round "4"]
[White "bigdonkeyhead"]
[Black "BatmanNelson"]
[Result "0-1"]
[WhiteElo "1131"]
[BlackElo "1004"]

1. e4 } 1... e6 } 2. Nf3 } 2... d5 } 3. exd5 } 3... exd5 } 4. d4 } 4... Nc6 }
5. Bb5 } 5... Bd7 } 6. O-O } 6... a6 } 7. Bxc6 } 7... Bxc6 } 8. Re1+ } 8...
Be7 } 9. Bg5 } 9... h6 } 10. Bh4 } 10... Bd7 } 11. Ne5 } 11... Be6 } 12. Bxe7
} 12... Qxe7 } 13. Nf3 } 13... Nf6 } 14. Nc3 } 14... O-O } 15. a3 } 15... Nh5
} 16. Ne5 } 16... Qg5 } 17. Qf3 } 17... Nf6 } 18. Qg3 } 18... Qxg3 } 19. hxg3
} 19... Bf5 } 20. Rac1 } 20... Ne4 } 21. Nxd5 } 21... c6 } 22. Nb6 } 22...
Rad8 } 23. c3 } 23... f6 } 24. Nf3 } 24... g5 } 25. b4 } 25... h5 } 26. a4 }
26... g4 } 27. Nh4 } 27... Nd6 } 28. Nxf5 } 28... Nxf5 } 29. Nc4 } 29... Kg7 }
30. Ne3 } 30... Kg6 } 31. Nxf5 } 31... Kxf5 } 32. Re7 } 32... Rh8 } 33. Rxb7 }
33... h4 } 34. Rb6 } 34... hxg3 } 35. fxg3 } 35... Rh7 } 36. Rxc6 } 36... Rdh8
} 37. Rf1+ } 37... Kg5 } 38. Kf2 } 38... Ra8 } 39. Ke3 } 39... f5 } 40. Rc5 }
40... Rf8 } 41. d5 } 41... Rh2 } 42. Rf2 } 42... Rh1 } 43. Kd2 } 43... Re8 }
44. d6 } 44... Kg6 } 45. d7 } 45... Ree1 } 46. Rc7 } 46... Rd1+ } 47. Ke3 }
47... Rhe1+ } 48. Kf4 } 48... Re4# } 0-1

[Event "2020 Norman Friedman BLITZ"]
[Site "Chess.com"]
[Date "2020.10.09"]
[Round "4"]
[White "fucsko4"]
[Black "AttackJack"]
[Result "0-1"]
[WhiteElo "1471"]
[BlackElo "1199"]

1. Nf3 } 1... d5 } 2. e4 } 2... dxe4 } 3. Ng5 } 3... Nf6 } 4. Nc3 } 4... Qd4 }
5. Nb5 } 5... Qc5 } 6. d4 } 6... exd3 } 7. Qxd3 } 7... Qe5+ } 8. Be3 } 8...
Bf5 } 9. Qd8+ } 9... Kxd8 } 10. Nxf7+ } 10... Kc8 } 11. Nxe5 } 11... e6 } 12.
O-O-O } 12... b6 } 13. Nf7 } 13... Rg8 } 14. Rd8+ } 14... Kb7 } 15. Bf4 }
15... Nd5 } 16. Bg5 } 16... h6 } 17. Bd2 } 17... Nc6 } 18. Rxa8 } 18... Kxa8 }
19. Nc3 } 19... Bb4 } 20. Bb5 } 20... Nd4 } 21. Ba6 } 21... Nxc3 } 22. bxc3 }
22... Ba3+ } 23. Kd1 } 23... Nc6 } 24. Ke2 } 24... Rf8 } 25. Rb1 } 25... Rxf7
} 26. f3 } 26... Rf8 } 27. g4 } 27... Bg6 } 28. Be3 } 28... Bd6 } 29. Bc4 }
29... e5 } 30. Rd1 } 30... e4 } 31. Bd5 } 31... exf3+ } 32. Kf2 } 32... Be8 }
33. c4 } 33... Kb8 } 34. Bd2 } 34... Ne5 } 35. Bc3 } 35... Nd7 } 36. Bc6 }
36... Nf6 } {#R} 0-1

[Event "2020 Norman Friedman BLITZ"]
[Site "Chess.com"]
[Date "2020.10.09"]
[Round "4"]
[White "Jeffrey944"]
[Black "WaSabi5829"]
[Result "0-1"]
[WhiteElo "1351"]
[BlackElo "1695"]

1. d4 } 1... f5 } 2. g3 } 2... Nf6 } 3. Bg2 } 3... g6 } 4. Nh3 } 4... Bg7 } 5.
O-O } 5... O-O } 6. c4 } 6... c6 } 7. Nf4 } 7... e6 } 8. Nc3 } 8... d5 } 9.
cxd5 } 9... cxd5 } 10. Qb3 } 10... Nc6 } 11. e3 } 11... Rb8 } 12. Bd2 } 12...
Ne4 } 13. Be1 } 13... a6 } 14. f3 } 14... Nxc3 } 15. bxc3 } 15... b5 } 16. Nd3
} 16... Qb6 } 17. Bf2 } 17... Bb7 } 18. e4 } 18... Na5 } 19. Qd1 } 19... Nc4 }
20. exd5 } 20... Bxd5 } 21. Nf4 } 21... Rfe8 } 22. Nxd5 } 22... exd5 } 23. f4
} 23... Qd6 } 24. Rb1 } 24... Ne3 } 25. Bxe3 } 25... Rxe3 } 26. Qb3 } 26...
Rd8 } 27. Rfe1 } 27... Bxd4 } 28. cxd4 } 28... Rxb3 } 29. Rxb3 } 29... Qb6 }
30. Rd3 } 30... Qa5 } 31. Re5 } 31... Qxa2 } 32. Rde3 } 32... Qa1+ } 33. Kf2 }
33... Qxd4 } 34. Bxd5+ } 34... Rxd5 } 35. Re8+ } 35... Kf7 } 36. Re7+ } 36...
Kg8 } 37. Kf3 } 37... Rd8 } 38. Re2 } 38... Qd5+ } 39. Kf2 } 39... b4 } 40.
R7e5 } 40... Qd4+ } 41. Kf3 } 41... b3 } 42. R5e3 } 42... b2 } 43. Rb3 } 43...
Qd5+ } {#R} 0-1

[Event "2020 Norman Friedman BLITZ"]
[Site "Chess.com"]
[Date "2020.10.09"]
[Round "4"]
[White "iwillbeatyou2day"]
[Black "caracleliem"]
[Result "0-1"]
[WhiteElo "927"]
[BlackElo "1172"]

1. e4 } 1... c5 } 2. f4 } 2... Nc6 } 3. Nf3 } 3... d6 } 4. c4 } 4... Bd7 } 5.
Nc3 } 5... Nf6 } 6. d3 } 6... g6 } 7. Be3 } 7... Bg7 } 8. Be2 } 8... O-O } 9.
e5 } 9... dxe5 } 10. fxe5 } 10... Ng4 } 11. Qd2 } 11... Ngxe5 } 12. Nxe5 }
12... Nxe5 } 13. d4 } 13... cxd4 } 14. Bxd4 } 14... Nc6 } 15. Be3 } 15... Bf5
} 16. Qc1 } 16... e5 } 17. Bh6 } 17... Nd4 } 18. Bd1 } 18... Nc2+ } 19. Bxc2 }
19... Bxc2 } 20. Bxg7 } 20... Kxg7 } 21. Qxc2 } 21... Qb6 } 22. Nd5 } 22...
Qa5+ } 23. Nc3 } 23... Qb6 } 24. O-O-O } 24... Qe3+ } 25. Kb1 } 25... Qc5 }
26. Qb3 } 26... b6 } 27. Rd5 } 27... Qf2 } 28. g3 } 28... Qf3 } 29. Rhd1 }
29... Qf5+ } 30. Ka1 } 30... Qf2 } 31. R1d2 } 31... Qg1+ } 32. Qd1 } 32...
Qxd1+ } 33. Nxd1 } 33... Rac8 } 34. b3 } 34... f6 } 35. Nc3 } 35... Rc5 } 36.
Na4 } 36... Rxd5 } 37. cxd5 } 37... Rd8 } 38. Nc3 } 38... Kf7 } 39. Kb2 }
39... Ke7 } 40. Nb5 } 40... f5 } 41. Kc3 } 41... e4 } 42. d6+ } 42... Kd7 }
43. Kd4 } 43... Kc6 } 44. Kc4 } 44... a6 } 45. Nd4+ } 45... Kd7 } 46. Kd5 }
46... b5 } 47. Ke5 } 47... Re8+ } 48. Kf6 } 48... e3 } 49. Re2 } 49... Kxd6 }
50. Kg7 } 50... Re7+ } 51. Kh6 } 51... Kd5 } 52. Nf3 } 52... Ke4 } 53. Ng5+ }
53... Kd3 } 54. Rg2 } 54... e2 } 55. Rg1 } 55... e1=Q } 56. Rxe1 } 56... Rxe1
} 57. Nxh7 } 57... Re2 } 58. Kxg6 } 58... Rxh2 } 59. Kxf5 } 59... Rxa2 } 60.
Nf6 } 60... Rf2+ } 61. Kg6 } 61... Rg2 } 62. g4 } 62... Kc3 } 63. g5 } 63...
Kxb3 } 64. Nd5 } 64... a5 } 65. Ne3 } 65... Rg1 } 66. Kf6 } 66... a4 } 67. g6
} 67... Rxg6+ } 68. Kxg6 } 68... a3 } 69. Nf5 } 69... a2 } 70. Nd4+ } 70...
Kc4 } 71. Nxb5 } 71... Kxb5 } 72. Kf6 } 72... a1=Q+ } 73. Ke6 } 73... Qd4 }
74. Ke7 } 74... Qb6 } 75. Kd7 } 75... Kc5 } 76. Ke7 } 76... Qd6+ } 77. Ke8 }
77... Qc7 } 78. Kf8 } 78... Qd7 } 79. Kg8 } 79... Qe7 } 80. Kh8 } 80... Kd6 }
81. Kg8 } 81... Ke6 } 82. Kh8 } 82... Kf6 } 83. Kg8 } 83... Qg7# } 0-1

[Event "2020 Norman Friedman BLITZ"]
[Site "Chess.com"]
[Date "2020.10.09"]
[Round "5"]
[White "caracleliem"]
[Black "chesspilot01"]
[Result "0-1"]
[WhiteElo "1172"]
[BlackElo "2282"]

1. e4 } 1... e5 } 2. Nf3 } 2... Nf6 } 3. Nc3 } 3... Nc6 } 4. d3 } 4... d5 } 5.
exd5 } 5... Nxd5 } 6. Be3 } 6... Nxe3 } 7. fxe3 } 7... Bc5 } 8. e4 } 8... Nd4
} 9. Nxe5 } 9... Qh4+ } 10. g3 } 10... Qf6 } 11. Nf3 } 11... Nxf3+ } 12. Ke2 }
12... Ng1+ } 13. Rxg1 } 13... Qf2# } 0-1

[Event "2020 Norman Friedman BLITZ"]
[Site "Chess.com"]
[Date "2020.10.09"]
[Round "5"]
[White "AttackJack"]
[Black "bigdonkeyhead"]
[Result "1-0"]
[WhiteElo "1205"]
[BlackElo "1125"]

1. d4 } 1... d5 } 2. Bf4 } 2... Nf6 } 3. e3 } 3... e6 } 4. Nf3 } 4... Bd6 } 5.
Bg3 } 5... Bxg3 } 6. hxg3 } 6... Nc6 } 7. c3 } 7... Bd7 } 8. Bd3 } 8... Qe7 }
9. Nbd2 } 9... O-O-O } 10. Qc2 } 10... g6 } 11. O-O-O } 11... h5 } 12. Kb1 }
12... Kb8 } 13. e4 } 13... dxe4 } 14. Nxe4 } 14... Nxe4 } 15. Bxe4 } 15... f5
} 16. Bxc6 } 16... Bxc6 } 17. Rhg1 } 17... Rd5 } 18. c4 } 18... Ra5 } 19. a3 }
19... Ba4 } 20. Qc3 } 20... Bxd1 } 21. Qxa5 } 21... Bxf3 } 22. gxf3 } 22...
Rd8 } 23. Rd1 } 23... Qf6 } 24. d5 } 24... exd5 } 25. Rxd5 } 25... Re8 } 26.
Ka2 } 26... Qc6 } 27. Rc5 } 27... Qxf3 } 28. Qxc7+ } 28... Ka8 } 29. Qc8+ }
29... Rxc8 } 30. Rxc8# } 1-0

[Event "2020 Norman Friedman BLITZ"]
[Site "Chess.com"]
[Date "2020.10.09"]
[Round "5"]
[White "Jeffrey944"]
[Black "little_pikachu_soya"]
[Result "1-0"]
[WhiteElo "1458"]
[BlackElo "1421"]

1. e4 } 1... c5 } 2. Nf3 } 2... e6 } 3. d4 } 3... cxd4 } 4. Nxd4 } 4... Bc5 }
5. Be3 } 5... Qb6 } 6. Nf5 } 6... exf5 } 7. Bxc5 } 7... Qxc5 } 8. Nc3 } 8...
fxe4 } 9. Nd5 } 9... Ne7 } 10. Nxe7 } 10... Qxe7 } 11. Be2 } 11... O-O } 12.
O-O } 12... f5 } 13. Bc4+ } 13... Kh8 } 14. Qd5 } 14... Nc6 } 15. Rad1 } 15...
Ne5 } 16. Be2 } 16... Nc6 } 17. c3 } 17... b6 } 18. Kh1 } 18... Rd8 } 19. Qxf5
} 19... d5 } 20. Qf4 } 20... Bb7 } 21. Bg4 } 21... Rf8 } 22. Qe3 } 22... Rad8
} 23. f3 } 23... exf3 } 24. Qxe7 } 24... Nxe7 } 25. Bxf3 } 25... Nc6 } 26.
Bxd5 } 26... Rxf1+ } 27. Rxf1 } 27... h6 } 28. Be4 } 28... Rd7 } 29. Rf8# }
1-0

[Event "2020 Norman Friedman BLITZ"]
[Site "Chess.com"]
[Date "2020.10.09"]
[Round "5"]
[White "WaSabi5829"]
[Black "iballisticsquid123"]
[Result "1-0"]
[WhiteElo "1710"]
[BlackElo "2119"]

1. c4 } 1... e5 } 2. Nc3 } 2... Nc6 } 3. e4 } 3... Bb4 } 4. d3 } 4... Nf6 } 5.
a3 } 5... Bxc3+ } 6. bxc3 } 6... O-O } 7. Ne2 } 7... d6 } 8. g3 } 8... Be6 }
9. Bg2 } 9... a6 } 10. O-O } 10... b5 } 11. cxb5 } 11... axb5 } 12. f4 } 12...
Na5 } 13. Bb2 } 13... Ng4 } 14. Rf3 } 14... c6 } 15. h3 } 15... Qb6+ } 16. d4
} 16... exd4 } 17. cxd4 } 17... Nc4 } 18. Bc3 } 18... Nge3 } 19. Qd3 } 19...
Nxg2 } 20. Kxg2 } 20... Nxa3 } 21. d5 } 21... cxd5 } 22. exd5 } 22... Bd7 }
23. Bd4 } 23... Qb7 } 24. Rxa3 } 24... Qxd5 } 25. Rxa8 } 25... Rxa8 } 26. Nc3
} 26... Qb3 } 27. Qe4 } 27... Rc8 } 28. Nd5 } 28... Rc2+ } 29. Bf2 } 29... Qc4
} 30. Qe7 } 30... Rxf2+ } 31. Kxf2 } 31... Qa2+ } 32. Kg1 } 32... Qa1+ } 33.
Rf1 } 33... Qd4+ } 34. Ne3 } 34... g6 } 35. Kg2 } 35... Bc6+ } 36. Kg1 } 36...
Qd3 } 37. f5 } 37... Be4 } 38. Qe8+ } 38... Kg7 } 39. f6+ } 39... Kh6 } 40.
Qf8+ } 40... Kh5 } 41. g4+ } 41... Kh4 } 42. Qh6+ } 42... Kg3 } 43. Qf4+ }
43... Kh4 } 44. g5+ } 44... Kh5 } 45. Qg4# } 1-0

[Event "2020 Norman Friedman BLITZ"]
[Site "Chess.com"]
[Date "2020.10.09"]
[Round "5"]
[White "BatmanNelson"]
[Black "iwillbeatyou2day"]
[Result "0-1"]
[WhiteElo "983"]
[BlackElo "948"]

1. e4 } 1... c5 } 2. d4 } 2... cxd4 } 3. Qxd4 } 3... Nc6 } 4. Qd1 } 4... Nf6 }
5. Nc3 } 5... e5 } 6. Nf3 } 6... d6 } 7. g3 } 7... Be6 } 8. Bg2 } 8... d5 } 9.
exd5 } 9... Nxd5 } 10. Ne4 } 10... Be7 } 11. c4 } 11... Ndb4 } 12. a3 } 12...
Qxd1+ } 13. Kxd1 } 13... Na6 } 14. b3 } 14... Rd8+ } 15. Bd2 } 15... O-O } 16.
Re1 } 16... Bf5 } 17. Re2 } 17... Bxe4 } 18. Rxe4 } 18... Bf6 } 19. Ke1 }
19... Nd4 } 20. Nxd4 } 20... Rxd4 } 21. Rd1 } 21... Rxe4+ } 22. Bxe4 } 22...
Nc5 } 23. Bg2 } 23... Nxb3 } 24. Bxb7 } 24... Nxd2 } 25. Rxd2 } 25... h6 } 26.
Rc2 } 26... Rb8 } 27. Bd5 } 27... Kf8 } 28. c5 } 28... Rc8 } 29. c6 } 29...
Rc7 } 30. Rb2 } 30... Ke7 } 31. Rb7 } 31... Kd6 } 32. Be4 } 32... a5 } 33. Kd2
} 33... Bg5+ } 34. Kd3 } 34... g6 } 35. Kc4 } 35... f5 } 36. Bd5 } 36... Bd8 }
37. f3 } 37... f4 } 38. gxf4 } 38... exf4 } 39. Be4 } 39... g5 } 40. Kb5 }
40... Ke5 } 41. Kb6 } 41... Re7+ } 42. Ka6 } 42... h5 } 43. Rd7 } 43... Rxd7 }
44. cxd7 } 44... g4 } 45. Bc6 } 45... gxf3 } 46. Kb7 } 46... f2 } 47. Kc8 }
47... Bg5 } 48. Bb5 } 48... Ke4 } 49. a4 } 49... Ke3 } 50. h3 } 50... Kd2 }
51. Bc4 } 51... Ke1 } 52. Bb5 } 52... f1=Q } 53. Bxf1 } 53... Kxf1 } 54. Kb7 }
54... Kg2 } 55. Ka6 } 55... f3 } 56. Kxa5 } 56... f2 } 57. Kb6 } 57... f1=Q }
58. a5 } 58... Qf6+ } 59. Kb7 } 59... Qb2+ } 60. Ka6 } 60... Bd8 } 61. Ka7 }
61... Qb5 } 62. Ka8 } 62... Qxa5+ } 63. Kb8 } 63... Qc7+ } 64. Ka8 } 64...
Qxd7 } 65. Kb8 } 65... Qxh3 } 66. Kb7 } 66... Qg4 } 67. Ka8 } 67... h4 } 68.
Kb7 } 68... h3 } 69. Kc6 } 69... h2 } 70. Kd5 } 70... h1=Q } 71. Ke5 } 71...
Kh3 } 72. Kd6 } 72... Qhf3 } 73. Ke5 } 73... Qge4+ } 74. Kd6 } 74... Qfd3+ }
75. Kc5 } 75... Qec4# } 0-1

[Event "2020 Norman Friedman BLITZ"]
[Site "Chess.com"]
[Date "2020.10.09"]
[Round "5"]
[White "B1ad3z"]
[Black "fucsko4"]
[Result "1-0"]
[WhiteElo "1285"]
[BlackElo "1441"]

1. e4 } 1... e5 } 2. Nf3 } 2... Nf6 } 3. Nc3 } 3... d6 } 4. Bc4 } 4... Be7 }
5. O-O } 5... O-O } 6. h3 } 6... Nc6 } 7. d3 } 7... a6 } 8. Bg5 } 8... b5 } 9.
Bb3 } 9... h6 } 10. Bd2 } 10... Na5 } 11. Nd5 } 11... Nxd5 } 12. Bxd5 } 12...
c6 } 13. Bxa5 } 13... Qxa5 } 14. Bxc6 } 14... Rb8 } 15. a3 } 15... Be6 } 16.
Qd2 } 16... Qb6 } 17. Bd5 } 17... Bxd5 } 18. exd5 } 18... Rbc8 } 19. b3 }
19... f5 } 20. c4 } 20... bxc4 } 21. bxc4 } 21... Bf6 } 22. Rfb1 } 22... Qa7 }
23. Rb3 } 23... e4 } 24. Rab1 } 24... exf3 } 25. Rb7 } 25... Qd4 } 26. gxf3 }
26... Bg5 } 27. Qb2 } 27... Qxb2 } 28. R1xb2 } 28... Bf4 } 29. R7b6 } 29...
Ra8 } 30. Rc6 } 30... Be5 } 31. Rbb6 } 31... Rfb8 } 32. Rxa6 } 32... Rb1+ }
33. Kg2 } 33... Rxa6 } 34. Rxa6 } 34... Ra1 } 35. a4 } 35... Ra2 } 36. Ra8+ }
36... Kf7 } 37. a5 } 37... Bd4 } 38. a6 } 38... Rxf2+ } 39. Kg3 } 39... Ra2 }
40. Kf4 } 40... Kf6 } 41. h4 } 41... Ra3 } 42. Kg3 } 42... g5 } 43. hxg5+ }
43... hxg5 } 44. Kg2 } 44... Ra2+ } 45. Kg3 } 45... f4+ } 46. Kh3 } 46... Ra3
} 47. Kg4 } 47... Rxd3 } 48. a7 } 48... Bxa7 } 49. Rxa7 } 49... Rd4 } 50. Ra4
} 50... Kg6 } 51. Rb4 } 51... Rd3 } 52. Rb6 } 52... Kg7 } 53. Rxd6 } 53... Rc3
} 54. Rc6 } 54... Rc1 } 55. Kxg5 } 55... Rg1+ } 56. Kxf4 } 56... Rd1 } 57. d6
} 57... Kf7 } 58. Kf5 } 58... Rd3 } 59. f4 } 59... Rd4 } 60. Rc7+ } 60... Ke8
} 61. c5 } 61... Kd8 } 62. Ke5 } 62... Rd1 } 63. f5 } 63... Re1+ } 64. Kf6 }
64... Rc1 } 65. c6 } 65... Rd1 } 66. Rd7+ } 66... Kc8 } 67. Kf7 } 67... Re1 }
68. f6 } 68... Re2 } 69. Ra7 } 69... Kb8 } 70. Re7 } 70... Rd2 } 71. d7 }
71... Kc7 } 72. Re8 } 72... Kxc6 } 73. d8=Q } 73... Rxd8 } 74. Rxd8 } 74...
Kc7 } 75. Ke7 } 75... Kc6 } 76. f7 } 76... Kc7 } 77. f8=Q } 77... Kc6 } 78.
Qf5 } 78... Kc7 } 79. Qc5+ } 79... Kb7 } 80. Rd7+ } 80... Kb8 } 81. Qc7+ }
81... Ka8 } 82. Qb7# } 1-0

[Event "2020 Norman Friedman BLITZ"]
[Site "Chess.com"]
[Date "2020.10.09"]
[Round "6"]
[White "chesspilot01"]
[Black "WaSabi5829"]
[Result "1-0"]
[WhiteElo "2283"]
[BlackElo "1709"]

1. e4 } 1... c5 } 2. Nf3 } 2... Nc6 } 3. d4 } 3... cxd4 } 4. Nxd4 } 4... g6 }
5. c4 } 5... Bg7 } 6. Be3 } 6... d6 } 7. Nc3 } 7... Nf6 } 8. Be2 } 8... O-O }
9. O-O } 9... a5 } 10. f3 } 10... Nxd4 } 11. Bxd4 } 11... e5 } 12. Be3 } 12...
Be6 } 13. Qd2 } 13... Rc8 } 14. b3 } 14... Qc7 } 15. Nb5 } 15... Qc6 } 16.
Qxd6 } 16... Qxd6 } 17. Nxd6 } 17... Rc7 } 18. Nb5 } 18... Rd7 } 19. Rfd1 }
19... Rfd8 } 20. Rxd7 } 20... Rxd7 } 21. Rd1 } 21... Rxd1+ } 22. Bxd1 } 22...
Bf8 } 23. Kf2 } 23... Bd7 } 24. Nc3 } 24... Bb4 } 25. Nd5 } 25... Nxd5 } 26.
cxd5 } 26... Kf8 } 27. Bc2 } 27... Ke7 } 28. Ke2 } 28... f6 } 29. Bd3 } 29...
b5 } 30. g3 } 30... a4 } 31. bxa4 } 31... bxa4 } 32. Bc4 } 32... Kd6 } 33. f4
} 33... Bg4+ } 34. Kd3 } 34... Bd7 } 35. fxe5+ } 35... fxe5 } 36. Ba7 } 36...
Ke7 } 37. Bb8 } 37... Bh3 } 38. Bxe5 } 38... Bf1+ } 39. Kd4 } 39... Bxc4 } 40.
Kxc4 } 40... Ba3 } 41. Bd4 } 41... Kd6 } 42. e5+ } 42... Kd7 } 43. e6+ } 43...
Kd6 } 44. Bc5+ } 44... Bxc5 } 45. e7 } 45... Kxe7 } 46. Kxc5 } 46... Kd7 } 47.
Kb5 } 47... Kd6 } 48. Kxa4 } 48... Kxd5 } 49. Kb5 } 49... Kd6 } 50. a4 } 50...
Kc7 } 51. a5 } 51... Kb7 } 52. Kc5 } 52... Ka6 } 53. Kd6 } 53... Kxa5 } 54.
Ke6 } 54... Kb4 } 55. Kf6 } 55... Kc3 } 56. Kg7 } 56... Kd3 } 57. Kxh7 } 57...
Ke3 } 58. Kxg6 } 58... Kf3 } 59. h4 } 59... Kg4 } 60. h5 } 60... Kxg3 } 61. h6
} 61... Kg4 } 62. h7 } 62... Kf4 } 63. h8=Q } 63... Ke4 } 64. Qd8 } 64... Ke3
} 65. Qd5 } 65... Ke2 } 66. Qd4 } 66... Kf1 } 67. Qe3 } 67... Kg2 } 68. Kf5 }
68... Kh1 } 69. Qe2 } 69... Kg1 } 70. Kg4 } 70... Kh1 } 71. Kg3 } {#r} 1-0